Kinematics and dynamics of machinery / (Record no. 3804)
[ view plain ]
| 000 -LEADER | |
|---|---|
| fixed length control field | 01265nac a22002771u 4500 |
| 010 ## - LIBRARY OF CONGRESS CONTROL NUMBER | |
| LC control number | 96013969 |
| 020 ## - INTERNATIONAL STANDARD BOOK NUMBER | |
| International Standard Book Number | 0824797310 (hardcover : acid-free paper) |
| 082 00 - DEWEY DECIMAL CLASSIFICATION NUMBER | |
| Classification number | 621.811 |
| Item number | STE |
| 090 ## - LOCALLY ASSIGNED LC-TYPE CALL NUMBER (OCLC); LOCAL CALL NUMBER (OCLC) | |
| -- | 3804 |
| -- | 3804 |
| 100 ## - MAIN ENTRY--PERSONAL NAME | |
| Personal name | Stejskal, VladimiÌ?r. |
| 245 10 - TITLE STATEMENT | |
| Title | Kinematics and dynamics of machinery / |
| Statement of responsibility, etc | VladimiÌ?r Stejskal, Michael ValaÌ?sÌŒek |
| 260 ## - PUBLICATION, DISTRIBUTION, ETC. (IMPRINT) | |
| Place of publication, distribution, etc | New York : |
| Name of publisher, distributor, etc | M. Dekker,1996 |
| Date of publication, distribution, etc | c1996. |
| 300 ## - PHYSICAL DESCRIPTION | |
| Extent | xii, 494 p. : |
| Other physical details | ill. ; |
| Dimensions | 24 cm. + |
| Accompanying material | 1 computer disk (3 1/2 in.) |
| 490 1# - Series Statement | |
| Series statement | Mechanical engineering ; |
| Volume/sequential designation | 106 |
| 500 ## - GENERAL NOTE | |
| General note | Distributer: Al-Ahram |
| 504 ## - BIBLIOGRAPHY, ETC. NOTE | |
| Bibliography, etc | Includes bibliographical references (p. 469-487) and index. |
| 511 ## - PARTICIPANT OR PERFORMER NOTE | |
| Participant or performer note | Catalogued by: Sara |
| 538 ## - SYSTEM DETAILS NOTE | |
| System details note | System requirements for accompanying computer disk: PC with 8 MB RAM and 5 MB hard drive; MS Windows 95; MS Windows NT or MS Windows 3.1 with Win32s upgrade (v. 1.15.103.0). |
| 650 #0 - SUBJECT ADDED ENTRY--TOPICAL TERM | |
| Topical term or geographic name as entry element | Machinery, Kinematics of. |
| 650 #0 - SUBJECT ADDED ENTRY--TOPICAL TERM | |
| Topical term or geographic name as entry element | Machinery, Dynamics of. |
| 700 1# - ADDED ENTRY--PERSONAL NAME | |
| Personal name | ValaÌ?sÌŒek, Michael. |
| 830 #0 - SERIES ADDED ENTRY--UNIFORM TITLE | |
| Uniform title | Mechanical engineering (Marcel Dekker, Inc.) ; |
| 856 42 - ELECTRONIC LOCATION AND ACCESS | |
| Materials specified | Publisher description |
| Uniform Resource Identifier | <a href="http://www.loc.gov/catdir/enhancements/fy0661/96013969-d.html">http://www.loc.gov/catdir/enhancements/fy0661/96013969-d.html</a> |
| 942 ## - ADDED ENTRY ELEMENTS (KOHA) | |
| Item type | Book - Borrowing |
| Call number prefix | 621.811STE |
| Withdrawn status | Item status | Source of classification or shelving scheme | Damaged status | Not for loan | Home library | Current library | Shelving location | Date acquired | Source of acquisition | Cost, normal purchase price | Total Checkouts | Full call number | Barcode | Date last seen | Cost, replacement price | Koha item type | Vendor | Total Renewals | Date last borrowed |
|---|---|---|---|---|---|---|---|---|---|---|---|---|---|---|---|---|---|---|---|
| Dewey Decimal Classification | Central Library | Central Library | First floor | 04/07/2007 | Purchase | 281.00 | 621.811STE | 000030409 | 15/07/2025 | 351.25 | Book - Borrowing | ||||||||
| Dewey Decimal Classification | Central Library | Central Library | First floor | 08/03/2010 | 281.00 | 1 | 621.811STE | 000010284 | 15/07/2025 | 351.25 | Book - Borrowing | 6 | 06/02/2013 |